World investment report 2010: Overview (Record no. 72492)

MARC details
000 -LEADER
fixed length control field 00367nam a2200133Ia 4500
100 ## - MAIN ENTRY--AUTHOR NAME
Personal name Panitchpakdi Supachai
245 #0 - TITLE STATEMENT
Title World investment report 2010: Overview
260 ## - PUBLICATION, DISTRIBUTION, ETC. (IMPRINT)
Name of publisher Foreign Trade Review
Year of publication 2010
300 ## - PHYSICAL DESCRIPTION
Number of Pages 94-124
500 ## - GENERAL NOTE
General note Source Year: 2010
650 ## - SUBJECT ADDED ENTRY--TOPICAL TERM
Topical Term Foreign direct investment(FDI)
942 ## - ADDED ENTRY ELEMENTS (KOHA)
Koha item type Journals
Holdings
Withdrawn status Lost status Damaged status Not for loan Home library Current library Shelving location Date acquired Serial Enumeration / chronology Koha item type
      Journals RRII Library RRII Library Economics 17/01/2011 Volume XLV, Issue 2 Journals